Vista normal
Vista MARC
Entrada Materia (tema)
Número de registros utilizados en: 1
001 - CONTROL NUMBER
- control field: 92049
003 - CONTROL NUMBER IDENTIFIER
- control field: Co-BoUCM
005 - DATE AND TIME OF LATEST TRANSACTION
- control field: 20180411120448.0
008 - FIXED-LENGTH DATA ELEMENTS
- fixed length control field: 180411|| aca||aabn | a|a d
040 ## - CATALOGING SOURCE
- Original cataloging agency: Co-BoUCM
- Transcribing agency: Co-BoUCM
150 ## - HEADING--TOPICAL TERM
- Topical term or geographic name as entry element: Veteranos
- Geographic subdivision: Alemania
- General subdivision: Psicología
670 ## - SOURCE DATA FOUND
- Source citation: Work cat.: (Co-BoUCM)309510: Crouthamel, Jason 92048, The Great War and German memory, 2009